Estatísticas para Estações do Metropolitano de Lisboa com um mapa

Clique aqui para jogar o quiz

Estatísticas Gerais

  • Esse quiz foi jogado 1 562 vezes
  • A pontuação média é 38 de 56

Respostas no mapa

Respostas codificadas por cores de uma escala verde-vermelha no mapa do quiz de acordo com a % correta abaixo.
 

Estatísticas das Respostas

Resposta% Correto
Aeroporto
83%
Cais do Sodré
82%
Campo Grande
81%
Campo Grande
81%
Colégio Militar/Luz
80%
Oriente
79%
Campo Pequeno
78%
Marquês de Pombal
78%
Marquês de Pombal
78%
Rato
78%
Baixa-Chiado
77%
Baixa-Chiado
77%
Santa Apolónia
77%
Odivelas
75%
Saldanha
75%
Saldanha
75%
Alvalade
74%
Entre Campos
74%
Jardim Zoológico
74%
Rossio
74%
Alameda
73%
Alameda
73%
Reboleira
72%
Cidade Universitária
71%
Parque
71%
São Sebastião
71%
São Sebastião
71%
Terreiro do Paço
70%
Martim Moniz
68%
Telheiras
68%
Avenida
67%
Chelas
67%
Laranjeiras
67%
Roma
67%
Areeiro
66%
Arroios
66%
Olaias
65%
Restauradores
65%
Olivais
64%
Senhor Roubado
64%
Amadora Este
62%
Anjos
62%
Moscavide
62%
Picoas
62%
Intendente
61%
Lumiar
61%
Praça de Espanha
61%
Pontinha
59%
Quinta das Conchas
59%
Bela Vista
58%
Alto dos Moinhos
57%
Cabo Ruivo
56%
Encarnação
55%
Carnide
53%
Ameixoeira
52%
Alfornelos
50%

Distribuição das Pontuações

Percentil de Números Respondidos

Porcentagem de Pessoas com Cada Pontuação

Sua Pontuação Histórica

Você não jogou esse quiz